[Event "DSJ Weihnachtsturnier U20 2020"]
[Site "https://play.chessbase.com/en/play?room=DSJWeihnachtU20"]
[Date "2020.12.29"]
[Round "4"]
[White "Joeres, Stefan"]
[Black "Schindler, Tobias"]
[Result "1-0"]
[Termination "normal"]
[Board "7.1"]
[WhiteElo "2176"]
[BlackElo "1998"]
[WhiteTeam "Karlsruher SF 1853"]
[BlackTeam "SK Kelheim 1920"]
[PlyCount "87"]
[WhiteFideId "12983160"]
[BlackFideId "12963585"]
[EventRounds "7"]
[EventType "team-swiss"]
[EventDate "2020.12.29"]

1. e4 {[%emt 0:00:03]} c5 {[%emt 0:00:07]} 2. Nf3 {[%emt 0:00:05]} d6 {[%emt
0:00:04]} 3. d4 {[%emt 0:00:01]} cxd4 {[%emt 0:00:01]} 4. Nxd4 {[%emt 0:00:00]}
Nf6 {[%emt 0:00:01]} 5. Nc3 {[%emt 0:00:01]} Nc6 {[%emt 0:00:01]} 6. Bg5 {
[%emt 0:00:02]} Bd7 {[%emt 0:00:03]} 7. Be2 {[%emt 0:00:03]} Qa5 {[%emt
0:00:58]} 8. Bxf6 {[%emt 0:00:13]} gxf6 {[%emt 0:00:07]} 9. O-O {[%emt
0:00:01]} Nxd4 {[%emt 0:00:43]} 10. Qxd4 {[%emt 0:00:00]} h5 {[%emt 0:00:32]}
11. a4 { [%emt 0:00:11]} h4 {[%emt 0:00:31]} 12. Bb5 {[%emt 0:00:04]} h3 {[%emt
0:02:12] } 13. Bxd7+ {[%emt 0:00:17]} Kxd7 {[%emt 0:00:04]} 14. g3 {[%emt
0:00:00]} Rc8 {[%emt 0:00:48]} 15. Nd5 {[%emt 0:00:13]} Qc5 {[%emt 0:00:30]}
16. Qd3 { [%emt 0:01:24]} Qxc2 {[%emt 0:00:47]} 17. Qe3 {[%emt 0:00:04]} Qc5
{[%emt 0:00:17]} 18. Qf4 {[%emt 0:00:08]} Qd4 {[%emt 0:00:49]} 19. Rfd1 {[%emt
0:00:27]} Qe5 {[%emt 0:00:04]} 20. Qf3 {[%emt 0:00:13]} Bh6 {[%emt 0:00:06]}
21. Qd3 { [%emt 0:00:29]} a6 {[%emt 0:00:19]} 22. f4 {[%emt 0:00:08]} Bxf4
{[%emt 0:01:14]} 23. Nxf4 {[%emt 0:00:12]} Rcg8 {[%emt 0:00:03]} 24. Ne2 {[%emt
0:00:46]} Rg4 {[%emt 0:00:07]} 25. Qd4 {[%emt 0:00:19]} Qxe4 {[%emt 0:00:07]}
26. Qxe4 { [%emt 0:00:05]} Rxe4 {[%emt 0:00:00]} 27. Nc3 {[%emt 0:00:00]} Rb4
{[%emt 0:00:04]} 28. Rd2 {[%emt 0:00:01]} Rh5 {[%emt 0:00:02]} 29. Rc1 {[%emt
0:00:06]} Re5 {[%emt 0:00:03]} 30. Nd5 {[%emt 0:00:06]} Rb3 {[%emt 0:00:04]}
31. a5 {[%emt 0:00:08]} e6 {[%emt 0:00:03]} 32. Nb6+ {[%emt 0:00:02]} Ke7
{[%emt 0:00:02]} 33. Nc8+ {[%emt 0:00:03]} Kf8 {[%emt 0:00:01]} 34. Nxd6 {[%emt
0:00:05]} Rxa5 { [%emt 0:00:03]} 35. Kf2 {[%emt 0:00:10]} Ra2 {[%emt 0:00:03]}
36. Rcc2 { [%emt 0:00:05]} Ra1 {[%emt 0:00:02]} 37. Rc3 {[%emt 0:00:08]} Rb6
{[%emt 0:00:06]} 38. Rc7 {[%emt 0:00:04]} Rh1 {[%emt 0:00:03]} 39. Kf3 {[%emt
0:00:01]} Rb3+ {[%emt 0:00:02]} 40. Kg4 {[%emt 0:00:01]} Rb4+ {[%emt 0:00:01]}
41. Kxh3 { [%emt 0:00:01]} Rg1 {[%emt 0:00:02]} 42. Rxf7+ {[%emt 0:00:02]} Kg8
{[%emt 0:00:01]} 43. Rc2 {[%emt 0:00:02]} b6 {[%emt 0:00:01]} 44. Rc8# {[%emt
0:00:01]} 1-0

[Event "DSJ Weihnachtsturnier U20 2020"]
[Site "https://play.chessbase.com/en/play?room=DSJWeihnachtU20"]
[Date "2020.12.29"]
[Round "4"]
[White "Huber, Benedikt"]
[Black "Koll, Lukas"]
[Result "0-1"]
[Termination "normal"]
[Board "7.2"]
[WhiteElo "1613"]
[BlackElo "2049"]
[WhiteTeam "SK Kelheim 1920"]
[BlackTeam "Karlsruher SF 1853"]
[PlyCount "94"]
[WhiteFideId "16281225"]
[BlackFideId "12969737"]
[EventRounds "7"]
[EventType "team-swiss"]
[EventDate "2020.12.29"]

1. e4 {[%emt 0:00:03]} c6 {[%emt 0:00:04]} 2. d4 {[%emt 0:00:02]} d5 {[%emt
0:00:00]} 3. exd5 {[%emt 0:00:01]} cxd5 {[%emt 0:00:00]} 4. Bd3 {[%emt
0:00:01]} Nf6 {[%emt 0:00:02]} 5. c3 {[%emt 0:00:03]} Qc7 {[%emt 0:00:01]} 6.
Nf3 { [%emt 0:00:23]} Bg4 {[%emt 0:00:12]} 7. Be3 {[%emt 0:00:21]} e6 {[%emt
0:00:03] } 8. Nbd2 {[%emt 0:00:03]} Bd6 {[%emt 0:00:04]} 9. O-O {[%emt
0:00:31]} Bxh2+ { [%emt 0:00:08]} 10. Kh1 {[%emt 0:00:07]} Bd6 {[%emt 0:00:11]}
11. Qa4+ { [%emt 0:01:00]} Nbd7 {[%emt 0:00:15]} 12. Rac1 {[%emt 0:00:10]} a6
{[%emt 0:00:19]} 13. c4 {[%emt 0:00:16]} Rc8 {[%emt 0:00:37]} 14. Ne5 {[%emt
0:00:34]} Bxe5 {[%emt 0:00:36]} 15. cxd5 {[%emt 0:00:07]} Qxc1 {[%emt 0:00:04]}
16. dxe5 { [%emt 0:00:21]} Nxd5 {[%emt 0:00:22]} 17. Rxc1 {[%emt 0:00:11]}
Rxc1+ {[%emt 0:00:00]} 18. Kh2 {[%emt 0:00:01]} Nxe3 {[%emt 0:00:06]} 19. fxe3
{[%emt 0:00:24] } Bd1 {[%emt 0:00:25]} 20. Qb4 {[%emt 0:00:58]} Nc5 {[%emt
0:01:08]} 21. Ne4 { [%emt 0:00:35]} Nxe4 {[%emt 0:00:09]} 22. Bxe4 {[%emt
0:00:06]} Rc7 {[%emt 0:01:22]} 23. Bxb7 {[%emt 0:00:28]} Be2 {[%emt 0:00:26]}
24. Bc6+ {[%emt 0:00:20] } Rxc6 {[%emt 0:00:07]} 25. Qb8+ {[%emt 0:00:01]} Ke7
{[%emt 0:00:08]} 26. Qb7+ {[%emt 0:00:02]} Kf8 {[%emt 0:00:09]} 27. Qxc6 {[%emt
0:00:23]} g6 {[%emt 0:00:26]} 28. Qc2 {[%emt 0:00:17]} Bb5 {[%emt 0:00:11]} 29.
a4 {[%emt 0:00:40]} Be8 {[%emt 0:00:09]} 30. Qc4 {[%emt 0:00:57]} a5 {[%emt
0:00:24]} 31. Qc5+ { [%emt 0:00:04]} Kg7 {[%emt 0:00:02]} 32. Qxa5 {[%emt
0:00:02]} Bc6 {[%emt 0:00:07]} 33. b3 {[%emt 0:00:17]} Bd5 {[%emt 0:00:10]} 34.
b4 {[%emt 0:00:18]} Rc8 { [%emt 0:00:02]} 35. Qb5 {[%emt 0:00:07]} Rc2 {[%emt
0:00:10]} 36. Qf1 {[%emt 0:00:40]} Rc4 {[%emt 0:00:14]} 37. Qf6+ {[%emt
0:00:06]} Kg8 {[%emt 0:00:12]} 38. Qe7 {[%emt 0:00:04]} Rg4 {[%emt 0:00:15]}
39. a5 {[%emt 0:00:04]} Rxg2+ { [%emt 0:00:03]} 40. Kh3 {[%emt 0:00:02]} Re2
{[%emt 0:00:12]} 41. Qc5 {[%emt 0:00:03]} h5 {[%emt 0:00:14]} 42. a6 {[%emt
0:00:03]} g5 {[%emt 0:00:19]} 43. b5 {[%emt 0:00:04]} Kg7 {[%emt 0:00:04]} 44.
b6 {[%emt 0:00:02]} Kg6 {[%emt 0:00:06]} 45. b7 {[%emt 0:00:01]} g4+ {[%emt
0:00:01]} 46. Kg3 {[%emt 0:00:02]} Kg5 {[%emt 0:00:01]} 47. Qxd5 {[%emt
0:00:06]} h4# {[%emt 0:00:04]} 0-1

[Event "DSJ Weihnachtsturnier U20 2020"]
[Site "https://play.chessbase.com/en/play?room=DSJWeihnachtU20"]
[Date "2020.12.29"]
[Round "4"]
[White "Koll, Linus"]
[Black "Gold, Florian"]
[Result "1-0"]
[Termination "normal"]
[Board "7.3"]
[WhiteElo "1963"]
[BlackElo "1769"]
[WhiteTeam "Karlsruher SF 1853"]
[BlackTeam "SK Kelheim 1920"]
[PlyCount "63"]
[WhiteFideId "12990299"]
[BlackFideId "16220536"]
[EventRounds "7"]
[EventType "team-swiss"]
[EventDate "2020.12.29"]

1. e4 {[%emt 0:00:09]} e5 {[%emt 0:00:02]} 2. Nf3 {[%emt 0:00:02]} Nc6 { [%emt
0:00:01]} 3. c3 {[%emt 0:00:01]} f5 {[%emt 0:00:19]} 4. d4 {[%emt 0:00:40]} d6
{[%emt 0:02:02]} 5. dxe5 {[%emt 0:00:30]} dxe5 {[%emt 0:00:07]} 6. Qxd8+ {[%emt
0:00:03]} Kxd8 {[%emt 0:00:00]} 7. exf5 {[%emt 0:00:08]} Bxf5 { [%emt 0:00:00]}
8. Bb5 {[%emt 0:00:01]} e4 {[%emt 0:01:46]} 9. Bxc6 {[%emt 0:00:06]} bxc6
{[%emt 0:00:01]} 10. Nd4 {[%emt 0:00:02]} Bd7 {[%emt 0:00:01]} 11. Bg5+ {[%emt
0:00:06]} Nf6 {[%emt 0:00:34]} 12. Nd2 {[%emt 0:00:07]} c5 { [%emt 0:00:10]}
13. N4b3 {[%emt 0:00:05]} Bc6 {[%emt 0:00:07]} 14. Be3 { [%emt 0:00:18]} Rb8
{[%emt 0:00:18]} 15. O-O-O {[%emt 0:00:06]} Nd7 {[%emt 0:00:32]} 16. Rhe1
{[%emt 0:00:44]} Bd6 {[%emt 0:01:02]} 17. Bg5+ {[%emt 0:00:06] } Kc8 {[%emt
0:00:32]} 18. Nxe4 {[%emt 0:00:05]} Bxe4 {[%emt 0:00:48]} 19. Rxe4 {[%emt
0:00:06]} h6 {[%emt 0:00:01]} 20. Bf4 {[%emt 0:00:02]} Nf6 {[%emt 0:00:32]} 21.
Rc4 {[%emt 0:00:33]} Bxf4+ {[%emt 0:00:46]} 22. Rxf4 {[%emt 0:00:08]} Re8
{[%emt 0:00:13]} 23. Nxc5 {[%emt 0:00:40]} Re2 {[%emt 0:00:02]} 24. b3 { [%emt
0:00:01]} Rxa2 {[%emt 0:00:09]} 25. Kb1 {[%emt 0:00:09]} Ra5 {[%emt 0:00:06]}
26. Rc4 {[%emt 0:00:27]} Rab5 {[%emt 0:00:35]} 27. Kc2 {[%emt 0:00:07]} a5
{[%emt 0:00:01]} 28. Ne6 {[%emt 0:00:02]} Kb7 {[%emt 0:00:02]} 29. Nxc7 { [%emt
0:00:03]} Rc8 {[%emt 0:00:02]} 30. Nxb5 {[%emt 0:00:02]} Rxc4 {[%emt 0:00:00]}
31. Nd6+ {[%emt 0:00:01]} Kc6 {[%emt 0:00:01]} 32. Nxc4 {[%emt 0:00:01] } 1-0

[Event "DSJ Weihnachtsturnier U20 2020"]
[Site "https://play.chessbase.com/en/play?room=DSJWeihnachtU20"]
[Date "2020.12.29"]
[Round "4"]
[White "Piehler, Sebastian"]
[Black "Wang, Xinyuan"]
[Result "0-1"]
[Termination "normal"]
[Board "7.4"]
[WhiteElo "1603"]
[BlackElo "1759"]
[WhiteTeam "SK Kelheim 1920"]
[BlackTeam "Karlsruher SF 1853"]
[PlyCount "78"]
[WhiteFideId "16222032"]
[BlackFideId "16221494"]
[EventRounds "7"]
[EventType "team-swiss"]
[EventDate "2020.12.29"]

1. d4 {[%emt 0:00:09]} Nf6 {[%emt 0:00:03]} 2. c4 {[%emt 0:00:03]} e6 {[%emt
0:00:01]} 3. Nf3 {[%emt 0:00:08]} Bb4+ {[%emt 0:00:04]} 4. Bd2 {[%emt 0:00:05]}
c5 {[%emt 0:00:01]} 5. d5 {[%emt 0:00:29]} d6 {[%emt 0:00:19]} 6. Nc3 {[%emt
0:00:09]} O-O {[%emt 0:00:11]} 7. a3 {[%emt 0:00:05]} Bxc3 {[%emt 0:00:13]} 8.
Bxc3 {[%emt 0:00:03]} exd5 {[%emt 0:00:03]} 9. cxd5 {[%emt 0:00:02]} Re8 {
[%emt 0:00:05]} 10. e3 {[%emt 0:00:08]} Bg4 {[%emt 0:00:05]} 11. Be2 {[%emt
0:00:05]} Nbd7 {[%emt 0:00:02]} 12. h3 {[%emt 0:00:32]} Bh5 {[%emt 0:00:07]}
13. Qb3 {[%emt 0:02:16]} Rb8 {[%emt 0:01:54]} 14. a4 {[%emt 0:00:34]} a6 {[%emt
0:00:47]} 15. a5 {[%emt 0:00:42]} b5 {[%emt 0:00:17]} 16. axb6 {[%emt 0:00:02]}
Nxb6 {[%emt 0:00:02]} 17. Qd1 {[%emt 0:01:01]} Nbxd5 {[%emt 0:00:28]} 18. O-O {
[%emt 0:00:05]} Nxc3 {[%emt 0:00:12]} 19. bxc3 {[%emt 0:00:05]} Ne4 {[%emt
0:00:03]} 20. Qd5 {[%emt 0:01:44]} Bg6 {[%emt 0:01:14]} 21. Rfc1 {[%emt
0:00:50]} a5 {[%emt 0:00:36]} 22. Nd2 {[%emt 0:00:39]} Qg5 {[%emt 0:00:22]} 23.
Qxg5 { [%emt 0:00:11]} Nxg5 {[%emt 0:00:00]} 24. Rxa5 {[%emt 0:00:15]} Rb2
{[%emt 0:00:03]} 25. Nf3 {[%emt 0:00:02]} Nxh3+ {[%emt 0:00:17]} 26. gxh3
{[%emt 0:00:10]} Rxe2 {[%emt 0:00:01]} 27. Rd1 {[%emt 0:00:07]} Be4 {[%emt
0:00:42]} 28. Nh2 {[%emt 0:00:07]} Re6 {[%emt 0:00:39]} 29. Ng4 {[%emt
0:00:02]} f5 {[%emt 0:00:09]} 30. Nh2 {[%emt 0:00:02]} Rg6+ {[%emt 0:00:17]}
31. Kf1 {[%emt 0:00:04]} Rc2 {[%emt 0:00:07]} 32. Ra3 {[%emt 0:00:03]} Rg2
{[%emt 0:00:08]} 33. Ke1 { [%emt 0:00:02]} Rxh2 {[%emt 0:00:05]} 34. Rd2 {[%emt
0:00:04]} Rc1+ {[%emt 0:00:06]} 35. Ke2 {[%emt 0:00:02]} Rhh1 {[%emt 0:00:06]}
36. Rxd6 {[%emt 0:00:03] } Rhe1+ {[%emt 0:00:06]} 37. Kd2 {[%emt 0:00:01]}
Red1+ {[%emt 0:00:05]} 38. Ke2 {[%emt 0:00:02]} Re1+ {[%emt 0:00:08]} 39. Kd2
{[%emt 0:00:01]} Rcd1# { [%emt 0:00:01]} 0-1

[Event "DSJ Weihnachtsturnier U20 2020"]
[Site "https://play.chessbase.com/en/play?room=DSJWeihnachtU20"]
[Date "2020.12.29"]
[Round "4"]
[White "Keyser, Robin"]
[Black "Mohammadi Nia, Borna"]
[Result "0-1"]
[Termination "normal"]
[Board "8.1"]
[WhiteElo "2070"]
[BlackElo "2079"]
[WhiteTeam "SK Johanneum Eppendorf"]
[BlackTeam "Schachgemeinschaft Porz 2"]
[PlyCount "158"]
[WhiteFideId "12986429"]
[BlackFideId "16207319"]
[EventRounds "7"]
[EventType "team-swiss"]
[EventDate "2020.12.29"]

1. d4 {[%emt 0:00:05]} Nf6 {[%emt 0:00:03]} 2. c4 {[%emt 0:00:01]} g6 {[%emt
0:00:07]} 3. g3 {[%emt 0:00:02]} d5 {[%emt 0:00:03]} 4. cxd5 {[%emt 0:00:03]}
Nxd5 {[%emt 0:00:03]} 5. Bg2 {[%emt 0:00:01]} Bg7 {[%emt 0:00:01]} 6. Nf3 {
[%emt 0:00:01]} Nb6 {[%emt 0:00:03]} 7. O-O {[%emt 0:00:01]} O-O {[%emt
0:00:02]} 8. Nc3 {[%emt 0:00:02]} Nc6 {[%emt 0:00:01]} 9. e3 {[%emt 0:00:01]}
Be6 { [%emt 0:00:11]} 10. Ng5 {[%emt 0:00:22]} Bc4 {[%emt 0:00:05]} 11. Re1
{[%emt 0:00:03]} a5 {[%emt 0:00:06]} 12. b3 {[%emt 0:00:02]} Ba6 {[%emt
0:00:02]} 13. Ba3 {[%emt 0:00:05]} Nb4 {[%emt 0:00:29]} 14. Nge4 {[%emt
0:00:22]} N6d5 { [%emt 0:00:59]} 15. Nxd5 {[%emt 0:00:10]} Nxd5 {[%emt
0:00:02]} 16. Rc1 { [%emt 0:00:05]} c6 {[%emt 0:00:20]} 17. Nc5 {[%emt
0:00:04]} Nb4 {[%emt 0:00:13]} 18. Nxa6 {[%emt 0:00:04]} Rxa6 {[%emt 0:00:07]}
19. Qd2 {[%emt 0:00:03]} Nd5 {[%emt 0:00:12]} 20. Rc5 {[%emt 0:00:29]} Re8
{[%emt 0:00:29]} 21. Rec1 { [%emt 0:00:31]} e6 {[%emt 0:00:50]} 22. R5c2 {[%emt
0:00:16]} a4 {[%emt 0:00:38]} 23. b4 {[%emt 0:00:23]} Nc7 {[%emt 0:00:11]} 24.
Bf1 {[%emt 0:00:13]} Ra8 {[%emt 0:00:02]} 25. Bb2 {[%emt 0:00:12]} a3 {[%emt
0:00:03]} 26. Ba1 {[%emt 0:00:11]} Qd7 {[%emt 0:00:05]} 27. h4 {[%emt 0:00:46]}
h5 {[%emt 0:00:13]} 28. b5 {[%emt 0:00:58]} Nxb5 {[%emt 0:00:04]} 29. Bxb5
{[%emt 0:00:03]} cxb5 {[%emt 0:00:01]} 30. Rc7 {[%emt 0:00:01]} Qd6 {[%emt
0:00:18]} 31. Rxb7 {[%emt 0:00:08]} Rab8 {[%emt 0:00:24]} 32. Rbc7 {[%emt
0:00:20]} b4 {[%emt 0:00:13]} 33. Qd1 { [%emt 0:00:38]} Qd5 {[%emt 0:00:09]}
34. Qe2 {[%emt 0:01:18]} b3 {[%emt 0:00:35]} 35. axb3 {[%emt 0:00:05]} Rxb3
{[%emt 0:00:03]} 36. Qa2 {[%emt 0:00:17]} Reb8 {[%emt 0:00:05]} 37. Rc8+ {[%emt
0:00:45]} Bf8 {[%emt 0:00:40]} 38. Rxb8 { [%emt 0:00:48]} Rxb8 {[%emt 0:00:02]}
39. Qxd5 {[%emt 0:00:06]} exd5 {[%emt 0:00:01]} 40. Bc3 {[%emt 0:00:01]} a2
{[%emt 0:01:21]} 41. Ra1 {[%emt 0:00:12]} Rb1+ {[%emt 0:00:03]} 42. Kg2 {[%emt
0:00:02]} Bb4 {[%emt 0:00:06]} 43. Rxa2 { [%emt 0:00:16]} Bxc3 {[%emt 0:00:02]}
44. Ra8+ {[%emt 0:00:07]} Kg7 {[%emt 0:00:04]} 45. Rc8 {[%emt 0:00:00]} Be1
{[%emt 0:00:19]} 46. Rc2 {[%emt 0:00:07]} Rb5 {[%emt 0:00:09]} 47. Kf3 {[%emt
0:00:02]} Kf6 {[%emt 0:00:08]} 48. g4 { [%emt 0:00:03]} hxg4+ {[%emt 0:00:03]}
49. Kxg4 {[%emt 0:00:00]} Rb6 {[%emt 0:00:04]} 50. h5 {[%emt 0:00:01]} gxh5+
{[%emt 0:00:02]} 51. Kxh5 {[%emt 0:00:00] } Kf5 {[%emt 0:00:02]} 52. f3 {[%emt
0:00:04]} Rb8 {[%emt 0:00:29]} 53. e4+ { [%emt 0:00:01]} dxe4 {[%emt 0:00:06]}
54. fxe4+ {[%emt 0:00:01]} Kf4 {[%emt 0:00:02]} 55. Kh6 {[%emt 0:00:03]} Rg8
{[%emt 0:00:08]} 56. Kh7 {[%emt 0:00:03]} Rg3 {[%emt 0:00:17]} 57. Re2 {[%emt
0:00:06]} Bc3 {[%emt 0:00:03]} 58. d5 { [%emt 0:00:05]} Rd3 {[%emt 0:00:04]}
59. Kg8 {[%emt 0:00:09]} f6 {[%emt 0:00:01]} 60. Kf7 {[%emt 0:00:06]} Be5
{[%emt 0:00:02]} 61. Ke6 {[%emt 0:00:02]} Kf3 {[%emt 0:00:04]} 62. Re1 {[%emt
0:00:04]} Kf2 {[%emt 0:00:01]} 63. Rb1 { [%emt 0:00:13]} Re3 {[%emt 0:00:01]}
64. Rb4 {[%emt 0:00:03]} Kf3 {[%emt 0:00:01]} 65. Kf5 {[%emt 0:00:02]} Kg3
{[%emt 0:00:02]} 66. Ke6 {[%emt 0:00:03]} Kf4 {[%emt 0:00:02]} 67. d6 {[%emt
0:00:04]} Bxd6 {[%emt 0:00:01]} 68. Kxd6 { [%emt 0:00:02]} Rxe4 {[%emt
0:00:01]} 69. Rb2 {[%emt 0:00:01]} Kg3 {[%emt 0:00:02]} 70. Kd5 {[%emt
0:00:01]} Re8 {[%emt 0:00:02]} 71. Kd4 {[%emt 0:00:01]} f5 {[%emt 0:00:01]} 72.
Rb7 {[%emt 0:00:01]} f4 {[%emt 0:00:01]} 73. Rg7+ { [%emt 0:00:01]} Kf2 {[%emt
0:00:01]} 74. Kd3 {[%emt 0:00:02]} f3 {[%emt 0:00:01]} 75. Ra7 {[%emt 0:00:01]}
Kg1 {[%emt 0:00:02]} 76. Ra1+ {[%emt 0:00:02]} Kg2 {[%emt 0:00:02]} 77. Ra2+
{[%emt 0:00:01]} f2 {[%emt 0:00:01]} 78. Kd4 { [%emt 0:00:01]} Kg1 {[%emt
0:00:01]} 79. Kd3 {[%emt 0:00:02]} f1=Q+ {[%emt 0:00:01]} 0-1

[Event "DSJ Weihnachtsturnier U20 2020"]
[Site "https://play.chessbase.com/en/play?room=DSJWeihnachtU20"]
[Date "2020.12.29"]
[Round "4"]
[White "Ramien, David"]
[Black "Keyser, Philipp"]
[Result "0-1"]
[Termination "normal"]
[Board "8.2"]
[WhiteElo "2181"]
[BlackElo "2030"]
[WhiteTeam "Schachgemeinschaft Porz 2"]
[BlackTeam "SK Johanneum Eppendorf"]
[PlyCount "112"]
[WhiteFideId "12948241"]
[BlackFideId "12986437"]
[EventRounds "7"]
[EventType "team-swiss"]
[EventDate "2020.12.29"]

1. e4 {[%emt 0:00:03]} c5 {[%emt 0:00:05]} 2. Nf3 {[%emt 0:00:03]} d6 {[%emt
0:00:01]} 3. d4 {[%emt 0:00:02]} cxd4 {[%emt 0:00:00]} 4. Nxd4 {[%emt 0:00:01]}
Nf6 {[%emt 0:00:03]} 5. Nc3 {[%emt 0:00:02]} a6 {[%emt 0:00:01]} 6. Be2 { [%emt
0:00:02]} e6 {[%emt 0:00:04]} 7. O-O {[%emt 0:00:04]} Nbd7 {[%emt 0:00:01]} 8.
f4 {[%emt 0:00:18]} Be7 {[%emt 0:00:05]} 9. a4 {[%emt 0:00:04]} b6 { [%emt
0:00:04]} 10. Kh1 {[%emt 0:00:03]} Bb7 {[%emt 0:00:02]} 11. Bf3 {[%emt
0:00:02]} O-O {[%emt 0:00:02]} 12. Nb3 {[%emt 0:00:03]} Qc7 {[%emt 0:00:02]}
13. Qe1 {[%emt 0:00:03]} Nc5 {[%emt 0:00:14]} 14. Nxc5 {[%emt 0:00:02]} bxc5 {
[%emt 0:00:01]} 15. Qg3 {[%emt 0:00:09]} Rfd8 {[%emt 0:00:11]} 16. e5 {[%emt
0:00:10]} Nd5 {[%emt 0:00:12]} 17. Nxd5 {[%emt 0:00:13]} Bxd5 {[%emt 0:00:01]}
18. Bxd5 {[%emt 0:00:02]} exd5 {[%emt 0:00:00]} 19. f5 {[%emt 0:00:18]} dxe5 {
[%emt 0:00:24]} 20. f6 {[%emt 0:00:02]} Bf8 {[%emt 0:00:01]} 21. Bh6 {[%emt
0:00:58]} g6 {[%emt 0:00:06]} 22. Bxf8 {[%emt 0:00:02]} Kxf8 {[%emt 0:00:01]}
23. Qg5 {[%emt 0:00:08]} h5 {[%emt 0:00:25]} 24. Rae1 {[%emt 0:00:22]} e4
{[%emt 0:00:12]} 25. c4 {[%emt 0:00:10]} Qd6 {[%emt 0:00:44]} 26. cxd5 {[%emt
0:01:15]} Qxd5 {[%emt 0:00:08]} 27. Qh6+ {[%emt 0:00:02]} Ke8 {[%emt 0:00:01]}
28. Rd1 { [%emt 0:00:03]} Qxd1 {[%emt 0:00:20]} 29. Qh8+ {[%emt 0:00:02]} Kd7
{[%emt 0:00:01]} 30. Rxd1+ {[%emt 0:00:01]} Kc7 {[%emt 0:00:01]} 31. Qxd8+
{[%emt 0:01:08]} Rxd8 {[%emt 0:00:09]} 32. Re1 {[%emt 0:00:17]} Rd4 {[%emt
0:00:12]} 33. Kg1 {[%emt 0:00:03]} Rxa4 {[%emt 0:00:03]} 34. Kf2 {[%emt
0:00:03]} Kd6 { [%emt 0:00:04]} 35. Ke3 {[%emt 0:00:06]} Rd4 {[%emt 0:00:12]}
36. Ra1 {[%emt 0:00:17]} Ke5 {[%emt 0:00:08]} 37. Rxa6 {[%emt 0:00:03]} Rd3+
{[%emt 0:00:01]} 38. Ke2 {[%emt 0:00:01]} Rd6 {[%emt 0:00:08]} 39. Ra5 {[%emt
0:00:29]} Kd4 { [%emt 0:00:12]} 40. Ra4+ {[%emt 0:00:10]} c4 {[%emt 0:00:02]}
41. b3 {[%emt 0:00:04]} Rc6 {[%emt 0:00:02]} 42. bxc4 {[%emt 0:00:11]} Rxc4
{[%emt 0:00:01]} 43. Ra7 {[%emt 0:00:02]} Rc2+ {[%emt 0:00:04]} 44. Kd1 {[%emt
0:00:12]} Rxg2 { [%emt 0:00:02]} 45. Rxf7 {[%emt 0:00:02]} Rxh2 {[%emt
0:00:14]} 46. Rd7+ { [%emt 0:00:03]} Ke3 {[%emt 0:00:02]} 47. f7 {[%emt
0:00:03]} Rf2 {[%emt 0:00:02]} 48. Ke1 {[%emt 0:00:02]} Rf6 {[%emt 0:00:12]}
49. Ra7 {[%emt 0:00:09]} g5 {[%emt 0:00:10]} 50. Ra5 {[%emt 0:00:13]} Kf4
{[%emt 0:00:18]} 51. Ra2 { [%emt 0:00:09]} Kg3 {[%emt 0:01:28]} 52. Ra5 {[%emt
0:00:21]} Kh4 {[%emt 0:00:08]} 53. Ra7 {[%emt 0:00:06]} g4 {[%emt 0:00:04]} 54.
Ke2 {[%emt 0:00:05]} g3 { [%emt 0:00:05]} 55. Ke3 {[%emt 0:00:03]} g2 {[%emt
0:00:10]} 56. Ra1 {[%emt 0:00:08]} Rxf7 {[%emt 0:00:04]} 0-1

[Event "DSJ Weihnachtsturnier U20 2020"]
[Site "https://play.chessbase.com/en/play?room=DSJWeihnachtU20"]
[Date "2020.12.29"]
[Round "4"]
[White "Killgus, Leonard"]
[Black "Gallasch, Robin"]
[Result "0-1"]
[Termination "normal"]
[Board "8.3"]
[WhiteElo "1962"]
[BlackElo "2067"]
[WhiteTeam "SK Johanneum Eppendorf"]
[BlackTeam "Schachgemeinschaft Porz 2"]
[PlyCount "44"]
[WhiteFideId "12922021"]
[BlackFideId "16222423"]
[EventRounds "7"]
[EventType "team-swiss"]
[EventDate "2020.12.29"]

1. e4 {[%emt 0:00:14] Porz2-003 kibitzing!? Porz2-003 reconnected.} c6 { [%emt
0:00:21]} 2. d4 {[%emt 0:00:03]} d5 {[%emt 0:00:28]} 3. Nd2 {[%emt 0:00:02]}
dxe4 {[%emt 0:00:03]} 4. Nxe4 {[%emt 0:00:00]} Bf5 {[%emt 0:00:01]} 5. Ng3
{[%emt 0:00:01]} Bg6 {[%emt 0:00:01]} 6. h4 {[%emt 0:00:01]} h6 {[%emt 0:00:03]
} 7. Nf3 {[%emt 0:00:01]} Nd7 {[%emt 0:00:02]} 8. h5 {[%emt 0:00:01]} Bh7 {
[%emt 0:00:01]} 9. Bd3 {[%emt 0:00:01]} Bxd3 {[%emt 0:00:05]} 10. Qxd3 { [%emt
0:00:00]} e6 {[%emt 0:00:02]} 11. Bd2 {[%emt 0:00:01]} Ngf6 {[%emt 0:00:03]}
12. O-O-O {[%emt 0:00:01]} Be7 {[%emt 0:00:02]} 13. Qe2 {[%emt 0:00:02]} O-O
{[%emt 0:00:01]} 14. Nf1 {[%emt 0:00:03]} c5 {[%emt 0:00:45]} 15. g4 { [%emt
0:00:04]} Nh7 {[%emt 0:00:02]} 16. Ne5 {[%emt 0:00:42]} cxd4 {[%emt 0:00:13]}
17. Nxd7 {[%emt 0:00:13]} Qxd7 {[%emt 0:00:02]} 18. f4 {[%emt 0:00:07]} Qd5
{[%emt 0:00:41]} 19. Ng3 {[%emt 0:00:35]} Qxa2 {[%emt 0:00:11]} 20. c3 { [%emt
0:00:14]} Rac8 {[%emt 0:01:10]} 21. Ne4 {[%emt 0:01:45]} f5 {[%emt 0:01:12]}
22. Ng3 {[%emt 0:00:13]} dxc3 {[%emt 0:00:05]} 0-1